Workshop papers on efficient energy use in industry (Record no. 61968)

MARC details
000 -LEADER
fixed length control field 00892nam a2200169 a 4500
008 - FIXED-LENGTH DATA ELEMENTS--GENERAL INFORMATION
fixed length control field 070405s2004 ||||||||||||||||| || u
050 ## - LIBRARY OF CONGRESS CALL NUMBER
Classification number SADC(02)2004/1
245 10 - TITLE STATEMENT
Title Workshop papers on efficient energy use in industry
246 ## - VARYING FORM OF TITLE
Title proper/short title Sweden, Lulea 2004
260 ## - PUBLICATION, DISTRIBUTION, ETC.
Place of publication, distribution, etc. Sweden
Date of publication, distribution, etc. 2004
300 ## - PHYSICAL DESCRIPTION
Extent 40p.; ill.
350 ## - PRICE (NR) (BK AM CF MU VM SE) [OBSOLETE]
Price 0.00
500 ## - GENERAL NOTE
General note projects contained in this report are compilation of reports of case studies conducted by groups of participants from developing countries to the advanced international training programme on efficient use of industrial energy which took place from april 26 to may 28, 2004.
650 ## - SUBJECT ADDED ENTRY--TOPICAL TERM
Topical term or geographic name entry element FORCE AND ENERGY--RESEARCH--DEVELOPING COUNTRIES
650 ## - SUBJECT ADDED ENTRY--TOPICAL TERM
Topical term or geographic name entry element ENERGY MANAGEMENT--DEVELOPING COUNTRIES
995 ## - RECOMMENDATION 995 [LOCAL, UNIMARC FRANCE]
-- 0.00
-- CBU-MAIN LIBRARY (Kitwe)
-- 1
-- 0.00
-- 1
-- AVAILABLE
-- Apr 5, 2007
-- International Publications
Holdings
Withdrawn status Lost status Source of classification or shelving scheme Damaged status Not for loan Home library Current library Shelving location Date acquired Total Checkouts Full call number Barcode Date last seen Price effective from Koha item type
          CBU-MAIN LIBRARY, KITWE. CBU-MAIN LIBRARY, KITWE.   11/30/2022   SADC(02)2004/1 38556 11/30/2022 11/30/2022 MONOGRAPH